[Event "PRO League KO Stage 2020"]
[Site "chess.com INT"]
[Date "2020.03.09"]
[Round "2"]
[White "Braun, Arik"]
[Black "Li, Chao b"]
[Result "1-0"]
[WhiteTitle "GM"]
[BlackTitle "GM"]
[WhiteElo "2609"]
[BlackElo "2683"]
[WhiteTeam "Germany Bears"]
[BlackTeam "China Pandas"]
[WhiteFideId "4663527"]
[BlackFideId "8604436"]
[EventDate "2020.03.02"]

1. c4 c6 2. Nf3 Nf6 3. Nc3 d5 4. e3 g6 5. d4 Bg7 6. Be2 O-O 7. O-O dxc4 8. Bxc4
Bg4 9. Be2 Nbd7 10. h3 Bxf3 11. Bxf3 e5 12. dxe5 Nxe5 13. Be2 Qe7 14. Qc2 c5 15.
b3 Rad8 16. Bb2 Rd7 17. Rfd1 Rfd8 18. Rxd7 Rxd7 19. Rd1 Nc6 20. Rxd7 Qxd7 21. a3
h5 22. Nb5 b6 23. Bf3 a6 24. Nc3 b5 25. Ne2 Qd6 26. Nf4 Ne5 27. Be2 Nfd7 28. a4
bxa4 29. bxa4 Bf6 30. Bc3 Nc6 31. Be1 Nb4 32. Qb3 a5 33. Nxg6 Nb6 34. Nf4 h4 35.
Bb5 Qc7 36. Bc4 Qd7 37. Bb5 Qc7 38. Nh5 Bd8 39. Qc3 N6d5 40. Qg7# 1-0

[Event "PRO League KO Stage 2020"]
[Site "chess.com INT"]
[Date "2020.03.09"]
[Round "2"]
[White "Korobov, Anton"]
[Black "Ding, Liren"]
[Result "1-0"]
[WhiteTitle "GM"]
[BlackTitle "GM"]
[WhiteElo "2688"]
[BlackElo "2805"]
[WhiteTeam "Germany Bears"]
[BlackTeam "China Pandas"]
[WhiteFideId "14105730"]
[BlackFideId "8603677"]
[EventDate "2020.03.02"]

1. d4 Nf6 2. c4 g6 3. Nc3 d5 4. cxd5 Nxd5 5. e4 Nxc3 6. bxc3 Bg7 7. Bc4 c5 8.
Ne2 Nc6 9. Be3 O-O 10. O-O b6 11. h4 e6 12. Bg5 Qd7 13. e5 cxd4 14. cxd4 Bb7 15.
Rc1 Rac8 16. Qd2 Ne7 17. f3 h5 18. Ng3 Bd5 19. Ba6 Rxc1 20. Rxc1 Nf5 21. Nxf5
exf5 22. Qd3 Bxa2 23. Bb5 Qe6 24. Rc7 a5 25. Rc6 Qb3 26. Qxb3 Bxb3 27. Rxb6 Kh7
28. Ra6 Bh6 29. Rxa5 Bxg5 30. hxg5 Rd8 31. Ra3 Be6 32. Ra4 f4 33. Bc6 Kg7 34. d5
Bd7 35. Bxd7 Rxd7 36. d6 Rb7 37. Rxf4 1-0

[Event "PRO League KO Stage 2020"]
[Site "chess.com INT"]
[Date "2020.03.09"]
[Round "2"]
[White "Tomczak, Jacek"]
[Black "Yu, Yangyi"]
[Result "1/2-1/2"]
[WhiteTitle "GM"]
[BlackTitle "GM"]
[WhiteElo "2605"]
[BlackElo "2709"]
[WhiteTeam "Germany Bears"]
[BlackTeam "China Pandas"]
[WhiteFideId "1124668"]
[BlackFideId "8603820"]
[EventDate "2020.03.02"]

1. e4 e5 2. Nf3 Nf6 3. Nxe5 d6 4. Nf3 Nxe4 5. c4 Nc6 6. Nc3 Nxc3 7. dxc3 Bf5 8.
Bd3 Qd7 9. O-O Be7 10. Re1 O-O 11. Bxf5 Qxf5 12. Qd5 Qd7 13. Bf4 Rad8 14. Rad1
Rfe8 15. c5 Qg4 16. Bg3 h6 17. cxd6 cxd6 18. h3 Qc8 19. Re4 Bf8 20. Rde1 Rxe4
21. Rxe4 Re8 22. Nd2 Re6 23. a4 Ne7 24. Qd3 d5 25. Rxe6 Qxe6 26. Nf3 Nc6 27. Nd4
Nxd4 28. Qxd4 1/2-1/2

[Event "PRO League KO Stage 2020"]
[Site "chess.com INT"]
[Date "2020.03.09"]
[Round "2"]
[White "Li, Chao b"]
[Black "Mons, Leon"]
[Result "1/2-1/2"]
[WhiteTitle "GM"]
[BlackTitle "GM"]
[WhiteElo "2683"]
[BlackElo "2543"]
[WhiteTeam "China Pandas"]
[BlackTeam "Germany Bears"]
[WhiteFideId "8604436"]
[BlackFideId "4614950"]
[EventDate "2020.03.02"]

1. d4 Nf6 2. c4 e6 3. Nf3 d5 4. Nc3 Be7 5. Bg5 h6 6. Bh4 O-O 7. e3 Ne4 8. Bxe7
Qxe7 9. Rc1 c6 10. Bd3 Nxc3 11. Rxc3 dxc4 12. Bxc4 Nd7 13. O-O b6 14. Bd3 c5 15.
Qc2 Bb7 16. Be4 Bxe4 17. Qxe4 Nf6 18. Qh4 cxd4 19. Nxd4 Qb4 20. Rb3 Qa4 21. Ra3
Qb4 22. Rb3 Qc4 23. Qf4 Qd5 24. Qf3 Rfc8 25. Qxd5 Nxd5 26. e4 Ne7 27. Rd1 Nc6
28. Nxc6 Rxc6 1/2-1/2

[Event "PRO League KO Stage 2020"]
[Site "chess.com INT"]
[Date "2020.03.10"]
[Round "2"]
[White "Narayanan, S.L."]
[Black "Caruana, Fabiano"]
[Result "1/2-1/2"]
[WhiteTitle "GM"]
[BlackTitle "GM"]
[WhiteElo "2618"]
[BlackElo "2842"]
[WhiteTeam "India Yogis"]
[BlackTeam "Saint Louis Arch Bishops"]
[WhiteFideId "5058422"]
[BlackFideId "2020009"]
[EventDate "2020.03.02"]

1. Nf3 d5 2. e3 Nf6 3. c4 c6 4. Nc3 g6 5. d4 Bg7 6. Be2 O-O 7. O-O e6 8. a4 a5
9. b3 Na6 10. Ba3 Re8 11. Rc1 b6 12. Ne5 Bb7 13. cxd5 exd5 14. Na2 Re6 15. f4
Ne4 16. Bg4 f5 17. Be2 Bxe5 18. fxe5 Qg5 19. Rf4 Nc7 20. Nc3 Nxc3 21. Rxc3 Ree8
22. Bd6 Ne6 23. Rf2 Rac8 24. Bf3 Qh4 25. g3 Qg5 26. Bg2 h5 27. Qf3 h4 28. gxh4
Qxh4 29. Qg3 Qh5 30. Bf3 Qg5 31. Qxg5 Nxg5 32. Bg2 Kg7 33. Rb2 b5 34. b4 axb4
35. Rxb4 Ba6 36. h4 Ne6 37. axb5 Bxb5 38. Bxd5 cxd5 39. Rxc8 Rxc8 40. Rxb5 f4
41. exf4 Nxf4 42. Kf2 Rc3 43. Be7 Rd3 44. Bf6+ Kf7 45. Rb4 Nh3+ 46. Kf1 Ke6 47.
Bg5 Kf5 48. Ke2 Ra3 49. Rb6 Nxg5 50. hxg5 Kxg5 51. Rb5 Kf5 52. Rxd5 g5 53. Rd6
g4 54. Kf2 g3+ 55. Kg2 Kf4 56. Rf6+ Ke4 57. e6 Kxd4 58. e7 1/2-1/2

[Event "PRO League KO Stage 2020"]
[Site "chess.com INT"]
[Date "2020.03.10"]
[Round "2"]
[White "Adhiban, Baskaran"]
[Black "Dominguez Perez, Leinier"]
[Result "1/2-1/2"]
[WhiteTitle "GM"]
[BlackTitle "GM"]
[WhiteElo "2659"]
[BlackElo "2758"]
[WhiteTeam "India Yogis"]
[BlackTeam "Saint Louis Arch Bishops"]
[WhiteFideId "5018471"]
[BlackFideId "3503240"]
[EventDate "2020.03.02"]

1. d4 Nf6 2. c4 e6 3. Nf3 d5 4. g3 Be7 5. Bg2 O-O 6. O-O Nbd7 7. Nc3 c6 8. Bf4
dxc4 9. e4 Re8 10. a4 a5 11. Qe2 b6 12. Nd2 Ba6 13. Rfd1 Rc8 14. Nxc4 Nd5 15.
Bd2 Bf8 16. b3 Nb4 17. Be3 b5 18. Ne5 bxa4 19. Qh5 Nxe5 20. dxe5 Qc7 21. Nxa4 c5
22. Rac1 Nd3 23. Rc3 Qxe5 24. Qxe5 Nxe5 25. Bxc5 Bb5 26. Bxf8 Kxf8 27. f4 Bxa4
28. Rxc8 Rxc8 29. bxa4 Ng4 30. Bf3 Ne3 31. Rd3 Rc1+ 32. Kf2 Nc4 33. e5 Rc2+ 34.
Kg1 Nb6 35. Rd8+ Ke7 36. Rb8 Nxa4 37. Rb7+ Kf8 38. Rb8+ Ke7 39. Rb7+ Ke8 40.
Rb8+ Ke7 1/2-1/2

[Event "PRO League KO Stage 2020"]
[Site "chess.com INT"]
[Date "2020.03.10"]
[Round "2"]
[White "So, Wesley"]
[Black "Harikrishna, Pentala"]
[Result "1-0"]
[WhiteTitle "GM"]
[BlackTitle "GM"]
[WhiteElo "2770"]
[BlackElo "2719"]
[WhiteTeam "Saint Louis Arch Bishops"]
[BlackTeam "India Yogis"]
[WhiteFideId "5202213"]
[BlackFideId "5007003"]
[EventDate "2020.03.02"]

1. e4 e6 2. d4 d5 3. Nc3 dxe4 4. Nxe4 Nd7 5. Nf3 Ngf6 6. Nxf6+ Nxf6 7. Be3 Nd5
8. Bd2 c5 9. Bb5+ Bd7 10. Bxd7+ Qxd7 11. c4 Nf6 12. Ne5 Qc7 13. Qa4+ Nd7 14. Ba5
Qc8 15. O-O-O f6 16. d5 Ke7 17. Nxd7 Qxd7 18. Qxd7+ Kxd7 19. dxe6+ Kxe6 20.
Rhe1+ Kf5 21. Rd5+ Kg6 22. f4 b6 23. f5+ Kh5 24. Bd2 g6 25. Re3 gxf5 26. Rg3 Kh4
27. Rxf5 Bd6 28. Rh3+ Kg4 29. Rfh5 1-0

[Event "PRO League KO Stage 2020"]
[Site "chess.com INT"]
[Date "2020.03.10"]
[Round "2"]
[White "Xiong, Jeffery"]
[Black "Mamedyarov, Shakhriyar"]
[Result "1/2-1/2"]
[WhiteTitle "GM"]
[BlackTitle "GM"]
[WhiteElo "2709"]
[BlackElo "2764"]
[WhiteTeam "Saint Louis Arch Bishops"]
[BlackTeam "India Yogis"]
[WhiteFideId "2047640"]
[BlackFideId "13401319"]
[EventDate "2020.03.02"]

1. d4 Nf6 2. Nf3 g6 3. Nbd2 Bg7 4. e4 O-O 5. Bd3 d6 6. O-O Nc6 7. c3 e5 8. dxe5
Nxe5 9. Nxe5 dxe5 10. Nc4 Qe7 11. Qe2 Rd8 12. Rd1 b6 13. Bg5 h6 14. Bh4 Bb7 15.
Ne3 Rd7 16. f3 Rad8 17. Bc4 c6 18. a4 Bc8 19. Rxd7 Rxd7 20. b4 Qd6 21. Rd1 Qc7
22. Rxd7 Qxd7 23. Qd3 Qc7 24. Kf1 a5 25. Bb3 g5 26. Bf2 Bf8 27. bxa5 bxa5 28. g4
Bc5 29. h4 Ne8 30. hxg5 hxg5 31. Qd2 Qd6 32. Qxd6 Nxd6 33. Nf5 Nb7 34. Bg3 Bxf5
35. exf5 Bd6 36. Bc2 Nc5 37. Ke2 f6 38. Bf2 Kf7 39. Bxc5 Bxc5 40. Be4 Ke7 41.
Bxc6 Kd6 42. Be4 Bg1 43. Kd3 Kc5 1/2-1/2

[Event "PRO League KO Stage 2020"]
[Site "chess.com INT"]
[Date "2020.03.10"]
[Round "2"]
[White "Caruana, Fabiano"]
[Black "Adhiban, Baskaran"]
[Result "1-0"]
[WhiteTitle "GM"]
[BlackTitle "GM"]
[WhiteElo "2842"]
[BlackElo "2659"]
[WhiteTeam "Saint Louis Arch Bishops"]
[BlackTeam "India Yogis"]
[WhiteFideId "2020009"]
[BlackFideId "5018471"]
[EventDate "2020.03.02"]

1. c4 e5 2. Nc3 Bb4 3. Nd5 a5 4. Nf3 d6 5. a3 Bc5 6. e3 c6 7. Nc3 Nd7 8. d4 Ba7
9. Bd3 Ngf6 10. O-O O-O 11. b4 Re8 12. Bc2 Bb8 13. dxe5 dxe5 14. Bb2 axb4 15.
axb4 Rxa1 16. Bxa1 Qe7 17. c5 b6 18. cxb6 Nxb6 19. Ne4 Nfd5 20. Qb1 Nxb4 21. Bb3
h6 22. Ng3 N4d5 23. Bxd5 Nxd5 24. Qxb8 Ba6 25. Qxe5 Qxe5 26. Nxe5 Bxf1 27. Nxf1
c5 28. Nc4 f5 29. Nfd2 f4 30. e4 Nb4 31. Kf1 g5 32. Ke2 Ra8 33. Bb2 Kf7 34. Nb3
Na6 35. g3 fxg3 36. hxg3 h5 37. f4 gxf4 38. gxf4 Rb8 39. Nbd2 Nc7 40. Be5 1-0

[Event "PRO League KO Stage 2020"]
[Site "chess.com INT"]
[Date "2020.03.10"]
[Round "2"]
[White "Dominguez Perez, Leinier"]
[Black "Narayanan, S.L."]
[Result "0-1"]
[WhiteTitle "GM"]
[BlackTitle "GM"]
[WhiteElo "2758"]
[BlackElo "2618"]
[WhiteTeam "Saint Louis Arch Bishops"]
[BlackTeam "India Yogis"]
[WhiteFideId "3503240"]
[BlackFideId "5058422"]
[EventDate "2020.03.02"]

1. e4 e5 2. Nf3 Nc6 3. Bb5 a6 4. Ba4 Nf6 5. O-O Bc5 6. Bxc6 dxc6 7. d3 Nd7 8.
Nbd2 O-O 9. Nc4 Re8 10. a4 a5 11. Bd2 b6 12. Bc3 f6 13. Nh4 Nf8 14. Nf5 Ne6 15.
b3 Bf8 16. Bd2 Nf4 17. Ng3 Be6 18. Ne2 Bxc4 19. bxc4 Ne6 20. f4 Bb4 21. f5 Bxd2
22. Qxd2 Nc5 23. Qe3 Qd6 24. g4 h6 25. h4 Kf7 26. Kf2 Rh8 27. Rg1 Na6 28. Rg2
Nb4 29. Rc1 Na2 30. Rcg1 Nb4 31. Qd2 b5 32. cxb5 cxb5 33. axb5 Qc5+ 34. d4 exd4
35. Qxd4 Qxb5 36. g5 hxg5 37. hxg5 Rad8 38. Qa7 Rd2 39. Qxc7+ Rd7 40. Qc3 Qb6+
41. Qe3 Qxe3+ 42. Kxe3 Nxc2+ 43. Kf2 Re7 44. gxf6 gxf6 45. Nf4 Rxe4 46. Rg7+ Ke8
47. Ne6 Rh2+ 48. Kg3 Rd2 49. Kf3 Re3+ 50. Kg4 Rf2 51. Rh1 Rg2+ 52. Kf4 Rxg7 53.
Nxg7+ Ke7 54. Rh7 Re1 55. Nh5+ Kd6 56. Nxf6 Rf1+ 57. Kg5 Ne3 58. Ne4+ Kd5 0-1

[Event "PRO League KO Stage 2020"]
[Site "chess.com INT"]
[Date "2020.03.10"]
[Round "2"]
[White "Mamedyarov, Shakhriyar"]
[Black "So, Wesley"]
[Result "1/2-1/2"]
[WhiteTitle "GM"]
[BlackTitle "GM"]
[WhiteElo "2764"]
[BlackElo "2770"]
[WhiteTeam "India Yogis"]
[BlackTeam "Saint Louis Arch Bishops"]
[WhiteFideId "13401319"]
[BlackFideId "5202213"]
[EventDate "2020.03.02"]

1. d4 Nf6 2. c4 e6 3. Nf3 d5 4. Nc3 c5 5. Bg5 cxd4 6. Nxd4 e5 7. Nb3 d4 8. Bxf6
gxf6 9. Nd5 Nc6 10. e4 dxe3 11. fxe3 Nb4 12. Qf3 Nc2+ 13. Kf2 Nxa1 14. Nxf6+ Ke7
15. Nd5+ Ke8 16. Nf6+ Ke7 17. Nd5+ Ke8 18. Nf6+ 1/2-1/2

[Event "PRO League KO Stage 2020"]
[Site "chess.com INT"]
[Date "2020.03.10"]
[Round "2"]
[White "Harikrishna, Pentala"]
[Black "Xiong, Jeffery"]
[Result "1-0"]
[WhiteTitle "GM"]
[BlackTitle "GM"]
[WhiteElo "2719"]
[BlackElo "2709"]
[WhiteTeam "India Yogis"]
[BlackTeam "Saint Louis Arch Bishops"]
[WhiteFideId "5007003"]
[BlackFideId "2047640"]
[EventDate "2020.03.02"]

1. e4 d5 2. exd5 Qxd5 3. Nc3 Qd8 4. d4 Nf6 5. Bc4 Bg4 6. Nf3 e6 7. h3 Bh5 8. O-O
c6 9. g4 Bg6 10. Ne5 Nbd7 11. Qe2 Be7 12. Bf4 Nb6 13. Bb3 Qxd4 14. Bg3 Ne4 15.
Nxe4 Qxe4 16. Qxe4 Bxe4 17. Rfe1 Bg6 18. h4 a5 19. h5 Bxh5 20. gxh5 a4 21. Nxf7
Rf8 22. Nd6+ Bxd6 23. Bxd6 axb3 24. Bxf8 Kxf8 25. axb3 Rd8 26. Rxe6 Rd2 27. c4
Nd7 28. Rae1 Nf6 29. h6 Rxb2 30. hxg7+ Kxg7 31. Re7+ Kg6 32. Rxb7 Nh5 33. Re6+
Kf5 34. Rxc6 Nf4 35. Rf7+ Kg4 36. Rxf4+ Kxf4 37. Rh6 Rxb3 38. Rxh7 Kg4 39. Kg2
Rc3 40. Rc7 Kf4 41. Rc8 Ke5 42. c5 Kd5 43. f3 Ra3 44. Kg3 Ra7 45. f4 Ke4 46.
Re8+ 1-0

[Event "PRO League KO Stage 2020"]
[Site "chess.com INT"]
[Date "2020.03.10"]
[Round "2"]
[White "Harikrishna, Pentala"]
[Black "Caruana, Fabiano"]
[Result "1/2-1/2"]
[WhiteTitle "GM"]
[BlackTitle "GM"]
[WhiteElo "2719"]
[BlackElo "2842"]
[WhiteTeam "India Yogis"]
[BlackTeam "Saint Louis Arch Bishops"]
[WhiteFideId "5007003"]
[BlackFideId "2020009"]
[EventDate "2020.03.02"]

1. e4 e5 2. Nf3 Nc6 3. Bb5 a6 4. Ba4 Nf6 5. O-O Be7 6. d3 d6 7. Re1 O-O 8. c3
Nd7 9. h3 Nb6 10. Bb3 Kh8 11. d4 exd4 12. cxd4 d5 13. exd5 Nxd5 14. Nc3 Be6 15.
Bc2 Bf6 16. a3 Re8 17. Be3 Nce7 18. Ne5 Nxe3 19. Rxe3 Bxe5 20. Rxe5 Ng6 21. Bxg6
hxg6 22. d5 Bf5 23. Qd4 Rxe5 24. Qxe5 Kg8 25. Re1 Qd7 26. g4 Bc2 27. Qe7 Rd8 28.
Qxd7 Rxd7 29. Re8+ Kh7 30. Rb8 b6 31. b4 g5 32. Rb7 Kg6 33. Ra7 Bd3 34. Na4 Bb5
35. Nc3 Bc4 36. d6 Rxd6 37. Rxc7 b5 38. Ne4 Rd3 39. Rc6+ f6 40. Rxa6 Rxh3 41.
Ng3 Bd5 42. Rb6 Bf3 43. Rxb5 Rh4 44. Rc5 Rxg4 45. Rc3 Rf4 46. b5 g4 47. b6 Rd4
48. Rc1 f5 49. Rb1 Rd8 50. b7 Rb8 51. Rb5 f4 52. Nh5 Kf7 53. Nxf4 g5 54. Nh5
Rxb7 55. Rxb7+ Bxb7 56. Kf1 Ke6 57. Ke2 Ke5 58. Ke3 Bc6 59. Ng3 Bf3 60. Nf1 Kd5
61. Nh2 Bg2 62. Nxg4 Kc4 63. Nf6 Kb3 64. Ne4 g4 65. Nf6 Kxa3 66. Nxg4 Kb4 67.
Kd4 Bh3 68. Ne5 Kb5 69. Kd5 Kb4 70. f4 Kc3 71. Ke4 Bg2+ 72. Kf5 Kd4 73. Kg5 Be4
74. Ng4 Bb1 75. Nf6 Ke3 76. Ng4+ Kd4 77. Kf6 Ke4 78. f5 Kf4 79. Nh6 Bxf5 1/2-1/2

[Event "PRO League KO Stage 2020"]
[Site "chess.com INT"]
[Date "2020.03.10"]
[Round "2"]
[White "Mamedyarov, Shakhriyar"]
[Black "Dominguez Perez, Leinier"]
[Result "0-1"]
[WhiteTitle "GM"]
[BlackTitle "GM"]
[WhiteElo "2764"]
[BlackElo "2758"]
[WhiteTeam "India Yogis"]
[BlackTeam "Saint Louis Arch Bishops"]
[WhiteFideId "13401319"]
[BlackFideId "3503240"]
[EventDate "2020.03.02"]

1. d4 Nf6 2. c4 e6 3. Nc3 d5 4. Bg5 Be7 5. Nf3 h6 6. Bf4 O-O 7. e3 c5 8. dxc5
Bxc5 9. Qc2 Nc6 10. a3 Qa5 11. O-O-O Ne4 12. cxd5 Nxc3 13. Qxc3 Qxc3+ 14. bxc3
Bxa3+ 15. Kc2 exd5 16. Rxd5 Be6 17. Rb5 b6 18. Nd4 Nxd4+ 19. cxd4 Rac8+ 20. Kd2
Rc1 21. d5 Bf5 22. Rb3 Rc2+ 23. Kd1 Ra2 24. Rc3 Bb4 25. Rc4 a5 26. Be5 Rd2+ 27.
Kc1 Rxd5 28. Bd4 b5 29. Rc7 Bd6 30. Rc6 Ba3+ 31. Kd1 Bb2 32. Rc5 Rxc5 33. Bxc5
Rd8+ 34. Ke2 a4 35. Kf3 Rd1 36. g4 Bd3 37. Bg2 Rxh1 0-1

[Event "PRO League KO Stage 2020"]
[Site "chess.com INT"]
[Date "2020.03.10"]
[Round "2"]
[White "So, Wesley"]
[Black "Narayanan, S.L."]
[Result "1-0"]
[WhiteTitle "GM"]
[BlackTitle "GM"]
[WhiteElo "2770"]
[BlackElo "2618"]
[WhiteTeam "Saint Louis Arch Bishops"]
[BlackTeam "India Yogis"]
[WhiteFideId "5202213"]
[BlackFideId "5058422"]
[EventDate "2020.03.02"]

1. e4 e5 2. Nf3 Nc6 3. Bc4 Bc5 4. c3 Nf6 5. d3 O-O 6. Nbd2 d5 7. exd5 Nxd5 8.
Ne4 Be7 9. O-O a6 10. Bb3 Bf5 11. Re1 Nf6 12. Qe2 h6 13. Bc2 Nxe4 14. dxe4 Be6
15. Be3 Bd6 16. Nd2 Qe7 17. Nf1 Rfd8 18. Ng3 Bc5 19. Nf5 Qf8 20. Bxc5 Qxc5 21.
Bb3 Bxb3 22. axb3 Kh7 23. b4 Qf8 24. h4 Ne7 25. Ne3 f6 26. Qc4 Rd7 27. Rad1 Rad8
28. Qe6 Rxd1 29. Rxd1 Rxd1+ 30. Nxd1 Qd8 31. Ne3 h5 32. Qf7 Kh6 33. Qxe7 1-0

[Event "PRO League KO Stage 2020"]
[Site "chess.com INT"]
[Date "2020.03.10"]
[Round "2"]
[White "Xiong, Jeffery"]
[Black "Adhiban, Baskaran"]
[Result "0-1"]
[WhiteTitle "GM"]
[BlackTitle "GM"]
[WhiteElo "2709"]
[BlackElo "2659"]
[WhiteTeam "Saint Louis Arch Bishops"]
[BlackTeam "India Yogis"]
[WhiteFideId "2047640"]
[BlackFideId "5018471"]
[EventDate "2020.03.02"]

1. d4 Nf6 2. Nf3 g6 3. Nbd2 Bg7 4. e4 d6 5. Bd3 O-O 6. O-O Nc6 7. c3 e5 8. dxe5
Nxe5 9. Nxe5 dxe5 10. Nc4 Nh5 11. g3 Bg4 12. f3 Bh3 13. Re1 Qe7 14. Qe2 Rad8 15.
Be3 Rd7 16. Rad1 Rfd8 17. Na5 Nf4 18. gxf4 exf4 19. Bxf4 Qc5+ 20. Qf2 Qxa5 21.
Qh4 Qb6+ 22. Be3 Qxb2 23. Qxh3 Qxc3 24. Qh4 Bf6 25. Qf4 Rxd3 26. Rc1 Rxe3 27.
Qxe3 Qxe3+ 28. Rxe3 Bg5 29. Rec3 Bxc1 30. Rxc1 c6 31. Rc2 Kf8 32. Kf2 Rd3 0-1

[Event "PRO League KO Stage 2020"]
[Site "chess.com INT"]
[Date "2020.03.10"]
[Round "2"]
[White "Caruana, Fabiano"]
[Black "Mamedyarov, Shakhriyar"]
[Result "1/2-1/2"]
[WhiteTitle "GM"]
[BlackTitle "GM"]
[WhiteElo "2842"]
[BlackElo "2764"]
[WhiteTeam "Saint Louis Arch Bishops"]
[BlackTeam "India Yogis"]
[WhiteFideId "2020009"]
[BlackFideId "13401319"]
[EventDate "2020.03.02"]

1. e4 e5 2. Nf3 Nc6 3. Bb5 g6 4. c3 a6 5. Ba4 Bg7 6. d4 exd4 7. cxd4 b5 8. Bc2
d6 9. d5 Na5 10. Nbd2 c6 11. O-O Ne7 12. dxc6 O-O 13. a4 Nexc6 14. axb5 axb5 15.
Nb3 Bg4 16. Nxa5 Rxa5 17. Rxa5 Qxa5 18. h3 Bxf3 19. Qxf3 Nd4 20. Qd3 Rc8 21. Bb1
Qb4 22. Ba2 Qa4 23. Be3 Qxa2 24. Bxd4 Qc4 25. Qxc4 Rxc4 26. Bxg7 Kxg7 27. f3 Kf6
28. Rd1 Rc2 29. Rxd6+ Ke7 30. Rb6 Rxb2 31. Kh2 b4 32. Kg3 b3 33. h4 Kd7 34. Kf4
Rxg2 1/2-1/2

[Event "PRO League KO Stage 2020"]
[Site "chess.com INT"]
[Date "2020.03.10"]
[Round "2"]
[White "Dominguez Perez, Leinier"]
[Black "Harikrishna, Pentala"]
[Result "1-0"]
[WhiteTitle "GM"]
[BlackTitle "GM"]
[WhiteElo "2758"]
[BlackElo "2719"]
[WhiteTeam "Saint Louis Arch Bishops"]
[BlackTeam "India Yogis"]
[WhiteFideId "3503240"]
[BlackFideId "5007003"]
[EventDate "2020.03.02"]

1. e4 e5 2. Nf3 Nc6 3. Bb5 a6 4. Ba4 Nf6 5. O-O Be7 6. Re1 b5 7. Bb3 O-O 8. a4
b4 9. d4 d6 10. dxe5 dxe5 11. Nbd2 Bc5 12. Qe2 Qe7 13. h3 h6 14. Nc4 Be6 15. Be3
Bxe3 16. Qxe3 Bxc4 17. Bxc4 Na5 18. Qe2 Nxc4 19. Qxc4 a5 20. Rad1 Rfd8 21. Rxd8+
Rxd8 22. Qb5 c5 23. Qxa5 b3 24. Qc3 bxc2 25. Qxc2 Rb8 26. a5 Qb7 27. Qxc5 Qxb2
28. Qxe5 Qxe5 29. Nxe5 Rb5 30. Nc4 Rc5 31. e5 Nd7 32. Re4 Nb8 33. f4 Kf8 34. Kf2
Rb5 35. Re2 Rc5 36. Rc2 Nc6 37. a6 Na7 38. Ne3 Ra5 39. Rc7 Rxa6 40. Nf5 Kg8 41.
Nd6 f6 42. exf6 gxf6 43. Nf5 h5 44. Ng3 Ra5 45. Nxh5 Nb5 46. Nxf6+ Kf8 47. Rd7
Nc3 48. Nh7+ Ke8 49. Nf6+ Kf8 50. Kf3 Ra6 51. Ne4 Nb5 52. f5 Ke8 53. Rd5 Nc7 54.
Rc5 Kd7 55. Kf4 Ra4 56. g4 Na6 57. Rb5 Kc6 58. Re5 Nb4 59. f6 Nd3+ 60. Kf5 Nxe5
61. Kxe5 Ra5+ 62. Ke6 Ra4 63. Ng5 Ra1 64. f7 Re1+ 65. Kf6 1-0

[Event "PRO League KO Stage 2020"]
[Site "chess.com INT"]
[Date "2020.03.10"]
[Round "2"]
[White "Adhiban, Baskaran"]
[Black "So, Wesley"]
[Result "1/2-1/2"]
[WhiteTitle "GM"]
[BlackTitle "GM"]
[WhiteElo "2659"]
[BlackElo "2770"]
[WhiteTeam "India Yogis"]
[BlackTeam "Saint Louis Arch Bishops"]
[WhiteFideId "5018471"]
[BlackFideId "5202213"]
[EventDate "2020.03.02"]

1. d4 Nf6 2. c4 g6 3. Nc3 d5 4. cxd5 Nxd5 5. e4 Nxc3 6. bxc3 Bg7 7. Bb5+ c6 8.
Ba4 b5 9. Bc2 c5 10. Ne2 cxd4 11. cxd4 Nc6 12. Be3 Qa5+ 1/2-1/2

[Event "PRO League KO Stage 2020"]
[Site "chess.com INT"]
[Date "2020.03.10"]
[Round "2"]
[White "Narayanan, S.L."]
[Black "Xiong, Jeffery"]
[Result "0-1"]
[WhiteTitle "GM"]
[BlackTitle "GM"]
[WhiteElo "2618"]
[BlackElo "2709"]
[WhiteTeam "India Yogis"]
[BlackTeam "Saint Louis Arch Bishops"]
[WhiteFideId "5058422"]
[BlackFideId "2047640"]
[EventDate "2020.03.02"]

1. Nf3 d5 2. e3 Nf6 3. c4 e6 4. Nc3 dxc4 5. Bxc4 a6 6. d4 b5 7. Be2 Bb7 8. O-O
Nbd7 9. b3 c5 10. Bb2 Be7 11. a4 b4 12. Nb1 O-O 13. Nbd2 Nd5 14. Rc1 Rc8 15. Nc4
Qc7 16. Bd3 Rfd8 17. Qe2 cxd4 18. Nxd4 Nc5 19. Bb1 Bf6 20. Rfd1 e5 21. Nf3 Nxb3
22. Qc2 Nxc1 23. Qxh7+ Kf8 24. Rxc1 Nc3 25. Bxc3 Qxc4 26. h4 bxc3 27. Bf5 Bxf3
28. gxf3 Qxh4 0-1

[Event "PRO League KO Stage 2020"]
[Site "chess.com INT"]
[Date "2020.03.12"]
[Round "2"]
[White "Iturrizaga Bonelli, Eduardo"]
[Black "Maghsoodloo, Parham"]
[Result "1/2-1/2"]
[WhiteTitle "GM"]
[BlackTitle "GM"]
[WhiteElo "2607"]
[BlackElo "2676"]
[WhiteTeam "New York Marshalls"]
[BlackTeam "Armenia Eagles"]
[WhiteFideId "3901211"]
[BlackFideId "12539929"]
[EventDate "2020.03.02"]

1. c4 e6 2. g3 d5 3. Bg2 Nf6 4. Nf3 Be7 5. O-O O-O 6. d4 Nbd7 7. b3 c6 8. Bb2 b6
9. Nc3 Ba6 10. Nd2 b5 11. cxb5 cxb5 12. a3 Qb6 13. b4 Bb7 14. Nb3 a6 15. Nc5 Qc7
16. a4 Bc6 17. axb5 Bxb5 18. Nxb5 axb5 19. Qd3 Qc6 20. Rxa8 Rxa8 21. Ra1 Rxa1+
22. Bxa1 Qa8 23. Bc3 Qc6 24. Bd2 Nb6 25. Bg5 h6 26. Bxf6 Bxf6 27. e3 Nc4 28. e4
Qa8 29. exd5 exd5 30. Nb3 Qa3 31. Bxd5 Qxb4 32. Kg2 Nd6 33. h4 Qe1 34. Nd2 Qd1
35. Bb3 Qg4 36. Nf3 g6 37. Qc3 Qe4 38. Qc5 Be7 39. Bd5 Qf5 40. Ne5 Kg7 41. Qc7
Bf8 42. Qb8 h5 43. Qc7 Qf6 44. Qb8 Qe7 45. Qb6 Qf6 46. Qb8 1/2-1/2